000 00762cab a2200277 4500
001 ABS58703
008 090401t1998 xxu||||| |||| 00| 0 eng d
035 _a(Sirsi) u86334
041 _aeng
100 _aEde, B.
245 _aBeyond the Dome
260 _c1998
350 _a0
490 _aLandscape Design
_v(270) May 1998, 26-30(5)
520 _aExplores the wider development plans for the Greenwich peninsular around the Millennium Dome.
650 _aGREENWICH PENINSULA
650 _aLANDSCAPE DESIGN
650 _aMILLENNIUM DOME
650 _aREDEVELOPMENT
650 _aURBAN REGENERATION
690 _aPROPERTY-PROPERTY DEVELOPMENT
700 _aDesvigne, M.
700 _aGumuchdjian, P.
942 _n0
948 _c21/05/1998
999 _c54328
_d54328